000 00342nam a2200133Ia 4500
005 20260326235457.0
008 260326s9999||||xx |||||||||||||| ||und||
100 _aGravagnuolo, Benedetto
245 0 _aAdolf Loos :
_b Theory and Works /
_cBenedetto Gravagnuolo
260 _bRizzoli
300 _a228 p.
650 _aARQUITECTOS
942 _cBK
999 _c7977
_d7977